| 000 | 00529nam a2200169 i 4500 | ||
|---|---|---|---|
| 001 | 92345 | ||
| 003 | ES-MaACL | ||
| 005 | 20230906180942.0 | ||
| 007 | t| | ||
| 008 | 050225s1964 ve ||||1| spa d | ||
| 100 | 1 |
_aLieuwen, Edwing. _972260 |
|
| 245 | 1 | 0 |
_aPetróleo en Venezuela / _cEdwing Lieuwen; [traducción de Justo Fernández Buján]. |
| 260 |
_aCaracas : _bCruz del Sur, _c1964 : _b[Condor] |
||
| 300 |
_a246 p. : _bil. ; _c20 cm. |
||
| 700 | 1 |
_aFernández Buján, Justo. _949527 |
|
| 852 |
_aES-MaACL _jC-26063 _bR.54706 |
||
| 999 |
_c92345 _d92345 |
||